000 00514nam a2200217Ia 4500
003 OSt
005 20220924134216.0
006 a|||||r|||| 00| 0
007 ta
008 220923b |||||||| |||| 00| 0 snd d
024 _a272910
037 _cTextual
040 _aARTS
_cARTS
_bsnd
041 _2snd
_asnd
082 _aO1593,6x, J1
100 _aPanjwani
_9206448
245 0 _aSindhi Nasr
260 _c1951
942 _hO1593,6x, J1
_cTEXL
_2CC
999 _c436784
_d436784